| 000 | 01049nam a2200301 i 4500 | ||
|---|---|---|---|
| 001 | 13021431 | ||
| 003 | OSt | ||
| 005 | 20260401152000.0 | ||
| 008 | 021205t20162002enkad b 001 0 eng d | ||
| 020 |
_a9780198784937 _qpaperback |
||
| 040 |
_aDLC _beng _cDLC _dDLC _duoc _erda |
||
| 082 | 0 | 4 |
_a572.53 _223 _bNIC |
| 100 | 1 |
_aLane, Nick, _d1967- _eauthor. _92210 |
|
| 245 | 1 | 0 |
_aOxygen : _bThe molecule that made the world / _cNick Lane. |
| 250 | _bRevised impression, as Oxford Landmark Science 2016. | ||
| 264 | 1 |
_aGreat Britain: _aOxford: _bOxford University Press, _c2016. |
|
| 264 | 4 | _c© Nick Lane 2002. | |
| 300 |
_ax, 374 pages: _billustrations; _c20 cm. |
||
| 336 |
_atext _btxt _2rdacontent |
||
| 337 |
_aunmediated _bn _2rdamedia |
||
| 338 |
_avolume _bnc _2rdacarrier |
||
| 504 | _aIncludes Glossary and index. | ||
| 650 | 0 |
_aOxygen _vPopular works. _94738 |
|
| 650 | 0 |
_aOxygen _xEvolution _vPopular works. _94739 |
|
| 650 | 0 |
_aOxygen in the body _vPopular works. _94740 |
|
| 650 | 0 |
_aBiogeochemical cycles _vPopular works. _94741 |
|
| 942 |
_2ddc _cBK |
||
| 999 |
_c1898 _d1898 |
||